Η Εποχή του Ευρώ και η Ελλάδα / Μελέτες Πολιτικής Οικονομίας και Διπλωματίας (Record no. 3797)
[ view plain ]
| 000 -LEADER | |
|---|---|
| fixed length control field | 01619cam a22002054a 4500 |
| 005 - ΗΜΕΡΟΜΗΝΙΑ ΚΑΙ ΩΡΑ ΤΕΛΕΥΤΑΙΑΣ ΕΝΗΜΕΡΩΣΗΣ | |
| Πεδίο ελέγχου | 20250605164125.0 |
| 008 - FIXED-LENGTH DATA ELEMENTS--GENERAL INFORMATION | |
| Πεδίο ελέγχου σταθερού μήκους | 250528s ||||||||||||||||||||||||d |
| 035 ## - SYSTEM CONTROL NUMBER | |
| System control number | 18436 |
| 020 ## - ISBN | |
| ISBN | 9600801681 |
| 040 ## - ΠΗΓΗ ΚΑΤΑΛΟΓΟΓΡΑΦΗΣΗΣ | |
| Φορέας πρωτότυπης καταλογογράφησης | MC Athens Campus Library |
| Γλώσσα καταλογογράφησης | Ελληνικά, Μοντέρνα (1453-) |
| Modifying agency | MC Athens Campus Library |
| Κανόνες περιγραφικής καταλογογράφησης | AACR2 |
| 245 1# - ΤΙΤΛΟΣ ΚΑΙ ΔΗΛΩΣΗ ΥΠΕΥΘΥΝΟΤΗΤΑΣ | |
| Τίτλος | Η Εποχή του Ευρώ και η Ελλάδα / Μελέτες Πολιτικής Οικονομίας και Διπλωματίας |
| 250 ## - EDITION STATEMENT | |
| Edition statement | 2η |
| 260 ## - PUBLICATION, DISTRIBUTION, ETC. | |
| Name of publisher, distributor, etc. | Ι. Σιδέρης, |
| Date of publication, distribution, etc. | 1999 |
| 300 ## - PHYSICAL DESCRIPTION | |
| Extent | 184 |
| 520 ## - SUMMARY, ETC. | |
| Summary, etc. | Πρόλογος, Εισαγωγικό Σημείωμα, Το Ευρώ είναι Εδώ, Ανάγκη για Ένα Κοινό Νόμισμα για τα Ευρωπαϊκά Κράτη, Βασικά Οφέλη από την Υιοθέτηση του Κοινού Νομίσματος στην Ευρώπη, Όξυνση του Ανταγωνισμού, Προς Ένα Παγκόσμιο Κοινό Νόμισμα;, Η ΟΝΕ δεν Αποτελεί Πανάκεια: Τριβές και Δυσκολίες, Ειδικότερες Επιπτώσεις: Περισσότερο και Λιγότερο Ωφελημένοι, Ανάγκη για Σύγκλιση των Οικονομιών των Χωρών Μελών της ΟΝΕ, Τα Κριτήρια Σύγκλισης, Η Ευρωπαϊκή Κεντρική Τράπεζα, Το Χρονοδιάγραμμα της ΟΝΕ, Ελλάδα και ΟΝΕ, Εθνική Ανεξαρτησία και ΟΝΕ, Η Ένταξη της Βρετανίας, Επίλογος. |
| 700 1# - ΠΡΟΣΘΕΤΗ ΑΝΑΓΡΑΦΗ--ΦΥΣΙΚΟ ΠΡΟΣΩΠΟ | |
| Personal name | Δούκας Πέτρος Γ |
| 9 (RLIN) | 4705 |
| 942 ## - ADDED ENTRY ELEMENTS (KOHA) | |
| Koha item type | Books |
| Τύπος τεκμηρίου | Βιβλιοθήκη | Τρέχουσα τοποθεσία | Barcode | Αριθμός εισαγωγής | Ημερομηνία απόκτησης | Ταξιθετικό σύμβολο | Αριθμός αντιτύπου | Κατάσταση απόσυρσης | Κατάσταση χαμένου | Κατάσταση κατεστραμμένου | Μη δανεισμός | Σύνολο δανεισμών | Ημερομηνία τελευταίας εμφάνισης | Η τιμή ισχύει από |
|---|---|---|---|---|---|---|---|---|---|---|---|---|---|---|
| Books | MC Athens Campus Library | MC Athens Campus Library | 9780000037961 | 3122 | 05/06/2025 | 332.45 DOU | 1 | 05/06/2025 | 05/06/2025 |